Vybavili miliónovú zľavu DPMK získa 36 nových autobusov

Bibliographic Details
Corporate Author: Tlačová agentúra Slovenskej republiky (Author)
Format: Article
Language:Slovak
PhysicalDescription:Fotografie
ISSN:2585-7355
Subjects:
Online Access:https://kosice.korzar.sme.sk/c/22730165/kosickemu-dopravnemu-podniku-pribudne-36-novych-autobusov.html

MARC

LEADER 00000nab a2200000u 4500
001 vtls012067853
003 SK-MaSNL
005 20260303193036.0
008 210907|20210830xo ||||||| || ||slo|
038 |a KEVKJB 
040 |a KEVKJB  |b slo  |e rda 
041 0 |a slo 
043 |a e-xo--- 
044 |a xo  |c SK 
072 7 |a 656  |x Doprava  |2 konspekt 
080 |a 656.121  |2 2011 
110 2 |a Tlačová agentúra Slovenskej republiky  |4 aut  |9 177619 
245 0 0 |a Vybavili miliónovú zľavu  |b DPMK získa 36 nových autobusov  |c [autor] (tasr) 
300 |b Fotografie 
336 |a text  |b txt  |2 rdacontent 
337 |a bez média  |b n  |2 rdamedia 
338 |a zväzok  |b nc  |2 rdacarrier 
610 2 7 |a Dopravný podnik mesta Košice  |2 SNKKAnba  |9 257506 
650 0 7 |a mestská hromadná doprava  |2 SNKPH  |9 71604 
650 0 7 |a autobusy  |2 SNKPH  |9 17022 
651 7 |a Košice (Slovensko)  |2 SNKPHgeo  |9 18694 
773 0 |t Korzár  |g Roč. XXIV., č. 200 (30.8.2021), s. 4  |x 2585-7355 
852 |a KEVKJB  |b KIS3GCP 
856 4 1 |u https://kosice.korzar.sme.sk/c/22730165/kosickemu-dopravnemu-podniku-pribudne-36-novych-autobusov.html 
999 |c 2150152  |d 2152082